000 00686nam a2200193 a 4500
001 000029493
003 OSt
005 20240304103305.0
008 110415s2003 dr d 000 0 spa d
040 _aDO-SdBNP
_bspa
_cBNPHU
082 _axxx
_bR426n
110 1 _aRepública Dominicana.
_b Secretaría de Estado de Medio Ambiente y Recursos Naturales
_914503
245 1 0 _aNorma ambiental sobre calidad del agua y control de descargas. /
260 _aSanto Domingo :
_bSecretaría de Estado de Medio Ambiente y Recursos Naturales,
_c2003.
300 _a47 p. :
_bdiag.
_c22 cm.
500 _aEsta norma sustituye a la AG-CC-01
590 _aInventariado, 2020/ YL
942 _2ddc
_cLBS1
999 _c28985
_d28985